000 01838nam a2200289Ia 4500
005 20180626082355.0
008 130821s1936 sp a fr 1 bspa
040 _aCo-BoUCM
_bspa
_cSandra Yazo
_dSandra Yazo
041 0 0 _aspa
082 0 4 _a923.14
_220
092 _aE46N047
100 1 _aBaeza, José
_992563
245 1 0 _aCarlomagno
_bSu vida y empresa gloriosa
_cpor José Baeza ; con ilustraciones de Arturo de la Portilla
250 _aTercera edición
260 _aBarcelona (España)
_bAraluce ; Talleres Gráficos Avante
_c1932
300 _aviii, 149 paginas
_bilustraciones
_c16 x 10 cm.
490 4 _aLos grandes hechos de los grandes hombres
500 _aDetalles físicos: Encuadernación rígida en cartón forrado en tela texturizada. Lomo y tapa delantera con datos de publicación y adornos en dorado, tapa delantera con una ilustración a color. Guardas decoradas. Anteportada. Portada impresa en una sola tinta, enmarcada en orla decorativa y marca tipográfica de la Editorial. Texto impreso en una sola columna. Mayúsculas capitales. Ilustraciones de página entera y a color fuera del texto. Índices. Conserva cinta para señalar la lectura. Cortes decorados
505 0 _aPrólogo ; Complot ; Bipino el Cínico ; La dama misteriosa ; El ardid de Juan ; Los hijos del rey ; Carlomagno viene a España ; Traición sarracena ; La tragedia de Roncesvalles ; Dolor de Carlomagno, Reaparece Gisla ; El poeta loco ; Los hombres fieras ; Últimas guerras y últimos días del Emperador
506 _aConsulta en sala
600 1 4 _aCarlomagno, Emperado
_91285
_xBiografías
650 7 _aReyes y soberanos
_923780
_xBiografías
650 7 _aLibros y lectura para niños
_918524
690 _aBiografías
_97343
700 1 _aPortilla, Arturo de la
_992568
942 _cLIBRO
_e3
_2LOCAL
_hE46N047
999 _c309940
_d309940